000 00248nam a2200097Ia 4500
008 240625s9999 xx 000 0 und d
041 _aeng
100 _aCISCO SYSTEMS INC
245 _aCISCO NETWORKING ACADEMY PROGRAM LAB COMPANION I
260 _c2002
999 _c33159
_d33159